Wireless digital communications : (Record no. 127179)

MARC details
000 -LEADER
fixed length control field 00887nam a22002657a 4500
003 - CONTROL NUMBER IDENTIFIER
control field dpl
005 - DATE AND TIME OF LATEST TRANSACTION
control field 20180608143110.0
008 - FIXED-LENGTH DATA ELEMENTS--GENERAL INFORMATION
fixed length control field 180608b xxu||||| |||| 00| 0 eng d
010 ## - LIBRARY OF CONGRESS CONTROL NUMBER
LC control number A-950862
020 ## - INTERNATIONAL STANDARD BOOK NUMBER
Terms of availability 225.00
International Standard Book Number 8120314727
035 ## - SYSTEM CONTROL NUMBER
System control number A-950862, A-950864
037 ## - SOURCE OF ACQUISITION
Source of stock number/acquisition Cen Lib/Ret
040 ## - CATALOGING SOURCE
Original cataloging agency DPL
Language of cataloging EN
Transcribing agency 0
082 ## - DEWEY DECIMAL CLASSIFICATION NUMBER
Classification number 621.382
Item number FEH
100 ## - MAIN ENTRY--PERSONAL NAME
Personal name Feher, Kamilo
9 (RLIN) 19676
245 ## - TITLE STATEMENT
Title Wireless digital communications :
Statement of responsibility, etc by Kamilo Feher
Remainder of title modulation and spread spectrum applications /
246 ## - VARYING FORM OF TITLE
Remainder of title
260 ## - PUBLICATION, DISTRIBUTION, ETC. (IMPRINT)
Place of publication, distribution, etc New Delhi
Name of publisher, distributor, etc Prentice-Hall of India
Date of publication, distribution, etc 1999
270 ## - ADDRESS
Address M-97, Connaught Circus
City New Delhi
Postal code 110001
300 ## - PHYSICAL DESCRIPTION
Extent xix,524p. :
Dimensions 23cm(Hb)
Other physical details ill
500 ## - GENERAL NOTE
General note Includes bibliographic references and index
650 ## - SUBJECT ADDED ENTRY--TOPICAL TERM
Topical term or geographic name as entry element Mobile communication systems
9 (RLIN) 19677
650 ## - SUBJECT ADDED ENTRY--TOPICAL TERM
Topical term or geographic name as entry element Wireless communication systems
9 (RLIN) 19678
942 ## - ADDED ENTRY ELEMENTS (KOHA)
Source of classification or shelving scheme Dewey Decimal Classification
Koha item type English Books
Classification part 621.382
Call number suffix FEH
Holdings
Withdrawn status Lost status Damaged status Not for loan Home library Current library Date acquired Source of acquisition Cost, normal purchase price Total Checkouts Full call number Barcode Date last seen Copy number Cost, replacement price Price effective from Koha item type Source of classification or shelving scheme Collection code Date checked out
        Central Library Central Library 27/06/2015 Cen Lib/Ret 225.00   621.382 FEH A-950862 27/06/2015 1 225.00 27/06/2015 English Books      
        Shahdara Branch Shahdara Branch 08/06/2018 BPPD/PUB 225.00 1 621.382 FEH A-950864 23/11/2018   225.00 08/06/2018 English Books Dewey Decimal Classification Non-fiction 15/11/2018

© Delhi Public Library
Hit Counter
free hit counter